| 000 | 01046nam0a22002771 4500 | ||
|---|---|---|---|
| 001 | rc\56157 | ||
| 005 | 20021216125552.0 | ||
| 035 | _a(NLR Aleph) 005333366 | ||
| 090 |
_a6615563 _c6615563 |
||
| 100 | _a20021216d1993 u |0rusy50 ca | ||
| 101 | 0 | _arus | |
| 102 | _aRU | ||
| 105 | _ay ||||||||| | ||
| 200 | 1 | _aИспользование методов факторизации и суперсимметрии для решения радиального уравнения Шредингера | |
| 210 |
_aМ. _cБ. и. _d1993 |
||
| 215 |
_a[10] с. _d20 |
||
| 225 | 1 |
_aПрепринт _fФиз. ин-т им. П.Н. Лебедева РАН. Отд-ние теорет. физики _v№ 18. Физика твердого тела |
|
| 300 | _aРез. на англ. яз. | ||
| 320 | _aБиблиогр.: с. 10 | ||
| 700 | 1 |
_aИдлис _bБ. Г. _gБорис Григорьевич |
|
| 701 | 1 |
_aУсманов _bМ. Ш. |
|
| 801 | 0 |
_aRU _bNLR _gpsbo |
|
| 801 | 1 |
_aRU _bELAR _2rusmarc |
|
| 852 |
_aNLR _j93-4/1310 |
||
| 942 | _cBOOK | ||
| 980 | _aNB | ||